[Event "Deutsche Ländermeisterschaft 2015"]
[Site "Hannover GER"]
[Date "2015.10.03"]
[Round "1"]
[White "Hund, Sarah"]
[Black "Lohrmann, Tabea"]
[Result "1-0"]
[Termination "normal"]
[Board "3.6"]
[WhiteElo "1916"]
[BlackElo "1670"]
[WhiteTeam "Baden 1"]
[BlackTeam "Baden 2"]
[PlyCount "99"]
[WhiteFideId "12923338"]
[BlackFideId "12911941"]
[EventCountry "GER"]
[EventRounds "7"]
[EventType "team-swiss"]
[EventDate "2015.10.02"]

1. e4 e5 2. Nf3 Nc6 3. Bc4 Bc5 4. c3 Nf6 5. d3 a6 6. Bb3 d6 7. Nbd2 O-O 8. h3
h6 9. Nf1 Be6 10. Ng3 Bxb3 11. axb3 d5 12. Qe2 Re8 13. O-O Qd7 14. exd5 Nxd5
15. Ne4 Ba7 16. Nh4 Rad8 17. Qh5 Nf4 18. Bxf4 exf4 19. Nf6+ gxf6 20. Nf5 Ne5
21. Nxh6+ Kg7 22. Nf5+ Kg8 23. Ra5 Qe6 24. d4 Bb6 25. dxe5 fxe5 26. Qg5+ Qg6
27. Ne7+ Rxe7 28. Qxe7 Rd2 29. Rxe5 f6 30. Qe6+ Kg7 31. Rf5 Rxb2 32. Rxf4 Qf7
33. Rg4+ Kf8 34. Qc8+ Ke7 35. Re4+ Kd6 36. Qd8+ Kc6 37. Rc4+ Kb5 38. Rb4+ Kc6
39. Rc4+ Kb5 40. Rb4+ Kc6 41. Rf4 Qxb3 42. Qxf6+ Kd7 43. Qg7+ Kd6 44. Qg6+ Ke7
45. Re1+ Kd7 46. Rf7+ Qxf7 47. Qxf7+ Kd6 48. Re6+ Kc5 49. Re5+ Kc6 50. Qd5# 1-0

[Event "Deutsche Ländermeisterschaft 2015"]
[Site "Hannover GER"]
[Date "2015.10.03"]
[Round "1"]
[White "Wu, Luka"]
[Black "Wu, Leon"]
[Result "1/2-1/2"]
[Termination "normal"]
[Board "3.7"]
[WhiteElo "1695"]
[BlackElo "1689"]
[WhiteTeam "Baden 2"]
[BlackTeam "Baden 1"]
[PlyCount "49"]
[WhiteFideId "12977420"]
[BlackFideId "12977438"]
[EventCountry "GER"]
[EventRounds "7"]
[EventType "team-swiss"]
[EventDate "2015.10.02"]

1. e4 e5 2. Nf3 Nc6 3. Bc4 Bc5 4. Nc3 Nf6 5. d3 d6 6. Be3 Bb6 7. O-O Be6 8. Bb3
O-O 9. h3 Nd4 10. Nd5 Nxd5 11. exd5 Bf5 12. Nxd4 exd4 13. Bf4 h6 14. Qd2 Qd7
15. Rfe1 Rfe8 16. Rxe8+ Rxe8 17. Re1 Kf8 18. Kf1 Rxe1+ 19. Qxe1 Qe8 20. Qxe8+
Kxe8 21. Ke1 Kd7 22. Kd2 Ke8 23. Ke1 Kd7 24. Kd2 Ke8 25. Ke1 1/2-1/2

[Event "Deutsche Ländermeisterschaft 2015"]
[Site "Hannover GER"]
[Date "2015.10.03"]
[Round "1"]
[White "Basovskiy, Jana"]
[Black "Youness, Fatima"]
[Result "1/2-1/2"]
[Termination "normal"]
[Board "3.8"]
[WhiteElo "1285"]
[BlackElo "1413"]
[WhiteTeam "Baden 1"]
[BlackTeam "Baden 2"]
[PlyCount "41"]
[WhiteFideId "16208617"]
[BlackFideId "16214404"]
[EventCountry "GER"]
[EventRounds "7"]
[EventType "team-swiss"]
[EventDate "2015.10.02"]

1. e4 e5 2. Nf3 Nc6 3. Bc4 Bc5 4. c3 Nf6 5. d3 d5 6. exd5 Nxd5 7. Qb3 Nf4 8.
Bxf4 exf4 9. O-O O-O 10. d4 Bb6 11. Re1 Na5 12. Qb4 Nxc4 13. Qxc4 Be6 14. Qd3
c5 15. Rd1 c4 16. Qc2 Bd5 17. Nbd2 Re8 18. Ne5 Qg5 19. Nef3 Qf6 20. Ne5 Rac8
21. Re1 1/2-1/2

[Event "Deutsche Ländermeisterschaft 2015"]
[Site "Hannover GER"]
[Date "2015.10.03"]
[Round "1"]
[White "Vöge, Tobias"]
[Black "Wielebinski, Paul Martin"]
[Result "1-0"]
[Termination "normal"]
[Board "4.1"]
[WhiteElo "2213"]
[BlackElo "1938"]
[WhiteTeam "Niedersachsen 1"]
[BlackTeam "Niedersachsen 2"]
[PlyCount "67"]
[WhiteFideId "1270513"]
[BlackFideId "12987930"]
[EventCountry "GER"]
[EventRounds "7"]
[EventType "team-swiss"]
[EventDate "2015.10.02"]

1. d4 Nf6 2. c4 e6 3. Nc3 Bb4 4. Nf3 O-O 5. Bg5 d5 6. e3 Nbd7 7. cxd5 exd5 8.
Bd3 h6 9. Bh4 c5 10. O-O cxd4 11. Nxd5 Bd6 12. Nxd4 g5 13. Nxf6+ Qxf6 14. Bg3
Ne5 15. Be2 g4 16. f4 gxf3 17. Nxf3 Qe7 18. Nxe5 Bxe5 19. Bxe5 Qxe5 20. Qd4 Re8
21. Bc4 Qxe3+ 22. Qxe3 Rxe3 23. Rxf7 Be6 24. Re7 Bxc4 25. Rxe3 Rf8 26. b3 Bd5
27. Rg3+ Kh7 28. Re1 Rf7 29. Rge3 Rf6 30. Re7+ Kg8 31. Rd7 Bc6 32. Re8+ Rf8 33.
Rxf8+ Kxf8 34. Rh7 1-0

[Event "Deutsche Ländermeisterschaft 2015"]
[Site "Hannover GER"]
[Date "2015.10.03"]
[Round "1"]
[White "Koch, Yannick"]
[Black "Kyas, Philipp"]
[Result "0-1"]
[Termination "normal"]
[Board "4.2"]
[WhiteElo "1955"]
[BlackElo "2076"]
[WhiteTeam "Niedersachsen 2"]
[BlackTeam "Niedersachsen 1"]
[PlyCount "64"]
[WhiteFideId "24661678"]
[BlackFideId "24670936"]
[EventCountry "GER"]
[EventRounds "7"]
[EventType "team-swiss"]
[EventDate "2015.10.02"]

1. d4 d5 2. c4 e6 3. Nc3 c5 4. cxd5 exd5 5. Nf3 Nc6 6. g3 Nf6 7. Bg5 Be7 8. Bg2
O-O 9. O-O Be6 10. dxc5 Bxc5 11. Bxf6 Qxf6 12. Nxd5 Qxb2 13. Nc7 Rad8 14. Qc1
Qxc1 15. Raxc1 b6 16. Nxe6 fxe6 17. e3 Nb4 18. Rc4 Nxa2 19. Ra4 Nb4 20. Rxa7
Nd3 21. Ra4 b5 22. Re4 b4 23. Ng5 b3 24. Nxe6 b2 25. Nxc5 Nxc5 26. Rb4 Rb8 27.
Bd5+ Kh8 28. Rxb8 Rxb8 29. Ba2 Na4 30. e4 Rc8 31. e5 Nc3 32. Be6 Rf8 0-1

[Event "Deutsche Ländermeisterschaft 2015"]
[Site "Hannover GER"]
[Date "2015.10.03"]
[Round "1"]
[White "Meric, Geoffrey"]
[Black "Ewert, Hannes"]
[Result "0-1"]
[Termination "normal"]
[Board "4.4"]
[WhiteElo "1706"]
[BlackElo "2107"]
[WhiteTeam "Niedersachsen 2"]
[BlackTeam "Niedersachsen 1"]
[PlyCount "108"]
[WhiteFideId "26092891"]
[BlackFideId "12961574"]
[EventCountry "GER"]
[EventRounds "7"]
[EventType "team-swiss"]
[EventDate "2015.10.02"]

1. e4 c5 2. Nf3 d6 3. d4 cxd4 4. Nxd4 Nf6 5. Nc3 g6 6. h3 Bg7 7. Bc4 O-O 8. Bb3
Nc6 9. Be3 Bd7 10. O-O a6 11. Re1 b5 12. Nd5 Na5 13. Ne6 fxe6 14. Bb6 Qb8 15.
Nxf6+ Bxf6 16. Bxa5 Bxb2 17. Rb1 Be5 18. g3 Qa7 19. Re3 Bxg3 20. Be1 Bf4 21.
Rd3 Qc5 22. Bb4 Qg5+ 23. Qg4 a5 24. Qxg5 Bxg5 25. Bxd6 exd6 26. Rxd6 Rad8 27.
Rxd7 Rxd7 28. Bxe6+ Rdf7 29. Rxb5 Bd2 30. Kg2 Kg7 31. Bxf7 Rxf7 32. c4 Rc7 33.
c5 Bb4 34. a3 Bxa3 35. Rxa5 Bxc5 36. f4 Bd6 37. e5 Be7 38. Ra6 Rc2+ 39. Kg3
Rc3+ 40. Kg2 Kf7 41. Rb6 h5 42. Ra6 Bh4 43. Rd6 Rg3+ 44. Kh2 Rf3 45. e6+ Ke7
46. Rd4 Bf6 47. Re4 Rxf4 48. Rxf4 Be5 49. Kg3 g5 50. Kf3 gxf4 51. Ke4 Kxe6 52.
h4 Kf6 53. Kf3 Kf5 54. Kg2 Kg4 0-1

[Event "Deutsche Ländermeisterschaft 2015"]
[Site "Hannover GER"]
[Date "2015.10.03"]
[Round "1"]
[White "Polster, Christian"]
[Black "Möller, Hannah"]
[Result "1-0"]
[Termination "normal"]
[Board "4.5"]
[WhiteElo "2057"]
[BlackElo "1638"]
[WhiteTeam "Niedersachsen 1"]
[BlackTeam "Niedersachsen 2"]
[PlyCount "43"]
[WhiteFideId "12965081"]
[BlackFideId "1270514"]
[EventCountry "GER"]
[EventRounds "7"]
[EventType "team-swiss"]
[EventDate "2015.10.02"]

1. e4 c5 2. Nf3 d6 3. d4 cxd4 4. Nxd4 Nf6 5. Nc3 g6 6. Be3 Bg7 7. f3 Nbd7 8.
Qd2 h5 9. O-O-O a6 10. Kb1 Nc5 11. Bg5 Ne6 12. Nxe6 Bxe6 13. Nd5 Bxd5 14. exd5
Qb6 15. c4 Rc8 16. Be3 Qc7 17. Bd4 O-O 18. Bd3 Qd7 19. f4 Kh7 20. f5 b5 21. Qg5
Bh6 22. fxg6+ 1-0

[Event "Deutsche Ländermeisterschaft 2015"]
[Site "Hannover GER"]
[Date "2015.10.03"]
[Round "1"]
[White "Pubantz, Jan"]
[Black "Schulze, Lara"]
[Result "0-1"]
[Termination "normal"]
[Board "4.6"]
[WhiteElo "1435"]
[BlackElo "1927"]
[WhiteTeam "Niedersachsen 2"]
[BlackTeam "Niedersachsen 1"]
[PlyCount "66"]
[WhiteFideId "12996114"]
[BlackFideId "12956830"]
[EventCountry "GER"]
[EventRounds "7"]
[EventType "team-swiss"]
[EventDate "2015.10.02"]

1. e4 c5 2. Nc3 Nc6 3. f4 e6 4. Nf3 d5 5. Bb5 Nge7 6. O-O dxe4 7. Nxe4 a6 8.
Bxc6+ Nxc6 9. a4 Be7 10. d3 O-O 11. Be3 Nd4 12. c3 Nf5 13. Qe2 Nxe3 14. Qxe3
Qd5 15. d4 cxd4 16. Nxd4 b6 17. c4 Qd7 18. Rfd1 Qc7 19. Rac1 Bb7 20. Nf3 Rfd8
21. Ne5 Rxd1+ 22. Rxd1 Rd8 23. Rd4 Bxe4 24. Rxd8+ Qxd8 25. Qxe4 Bc5+ 26. Kf1
Qd1+ 27. Qe1 Qd4 28. Nf3 Qxc4+ 29. Qe2 Qc1+ 30. Qe1 Qxf4 31. Qd1 Qc4+ 32. Ke1
Qe4+ 33. Kf1 h6 0-1

[Event "Deutsche Ländermeisterschaft 2015"]
[Site "Hannover GER"]
[Date "2015.10.03"]
[Round "1"]
[White "Helmer, Jan"]
[Black "Lamottke, Svenja"]
[Result "1-0"]
[Termination "normal"]
[Board "4.7"]
[WhiteElo "1767"]
[BlackElo "1466"]
[WhiteTeam "Niedersachsen 1"]
[BlackTeam "Niedersachsen 2"]
[PlyCount "59"]
[WhiteFideId "12956686"]
[BlackFideId "12918229"]
[EventCountry "GER"]
[EventRounds "7"]
[EventType "team-swiss"]
[EventDate "2015.10.02"]

1. d4 d5 2. c4 c6 3. Nc3 Nf6 4. Bf4 e6 5. e3 Bd6 6. Bxd6 Qxd6 7. cxd5 cxd5 8.
Rc1 a6 9. Nxd5 O-O 10. Nxf6+ gxf6 11. Bd3 Kh8 12. Ne2 Rg8 13. Ng3 Nd7 14. O-O
Nf8 15. Qf3 Nd7 16. Qh5 Rg7 17. Qh6 Rg6 18. Bxg6 fxg6 19. Qf4 Qf8 20. Ne4 b6
21. Qd6 Qe8 22. d5 exd5 23. Nxf6 Nxf6 24. Qxf6+ Kg8 25. Rc7 Bd7 26. Qd6 Be6 27.
Re7 Qf8 28. Qxe6+ Kh8 29. Rf7 Qd8 30. Qe5+ 1-0

[Event "Deutsche Ländermeisterschaft 2015"]
[Site "Hannover GER"]
[Date "2015.10.03"]
[Round "1"]
[White "Abele, Anais"]
[Black "Brunner, Sophia"]
[Result "0-1"]
[Termination "normal"]
[Board "4.8"]
[WhiteElo "1457"]
[BlackElo "1546"]
[WhiteTeam "Niedersachsen 2"]
[BlackTeam "Niedersachsen 1"]
[PlyCount "96"]
[WhiteFideId "16208927"]
[BlackFideId "12960683"]
[EventCountry "GER"]
[EventRounds "7"]
[EventType "team-swiss"]
[EventDate "2015.10.02"]

1. e4 Nf6 2. d3 e5 3. Nf3 Nc6 4. g3 Bc5 5. Bg2 d6 6. c3 Bg4 7. Nbd2 Qd7 8. O-O
O-O 9. b4 Bb6 10. a4 a5 11. b5 Ne7 12. Re1 c6 13. bxc6 Qxc6 14. Bb2 Bxf2+ 15.
Kxf2 Qb6+ 16. Kf1 Qxb2 17. Qc1 Qb6 18. Nc4 Qc7 19. Rb1 Bxf3 20. Bxf3 Nd7 21.
Kg2 Nc5 22. Qd1 Ra6 23. Rb5 Rc8 24. Rf1 b6 25. Be2 Nc6 26. Qc2 Na7 27. Rbb1 Qc6
28. Nb2 b5 29. axb5 Nxb5 30. Ra1 Qb6 31. Nc4 Qa7 32. Rfb1 Nc7 33. Bg4 N7e6 34.
Kh1 Nxe4 35. dxe4 Rxc4 36. Be2 Qf2 37. Qa2 Rxc3 38. Bxa6 Rc2 39. Rb8+ Nf8 40.
Qxc2 Qxc2 41. Re1 g6 42. Rb5 a4 43. Rbb1 Ne6 44. Ra1 Ng5 45. Rac1 Qd2 46. Rcd1
Qf2 47. Bd3 Qf3+ 48. Kg1 Nh3# 0-1

[Event "Deutsche Ländermeisterschaft 2015"]
[Site "Hannover GER"]
[Date "2015.10.03"]
[Round "1"]
[White "Urban, Lars"]
[Black "Powierski, Emil"]
[Result "1/2-1/2"]
[Termination "normal"]
[Board "5.1"]
[WhiteElo "2138"]
[BlackElo "2278"]
[WhiteTeam "Thüringen"]
[BlackTeam "Schleswig-Holstein"]
[PlyCount "53"]
[WhiteFideId "4644034"]
[BlackFideId "4656199"]
[EventCountry "GER"]
[EventRounds "7"]
[EventType "team-swiss"]
[EventDate "2015.10.02"]

1. d4 Nf6 2. c4 g6 3. f3 Bg7 4. e4 d6 5. Nc3 O-O 6. Be3 c5 7. Nge2 Nc6 8. d5
Ne5 9. Ng3 h5 10. Be2 h4 11. Nf1 e6 12. Nd2 exd5 13. cxd5 h3 14. g3 a6 15. a4
Bd7 16. O-O b5 17. axb5 axb5 18. Nxb5 Bxb5 19. Bxb5 Qb6 20. Qe2 Rab8 21. Ba6
Qxb2 22. Rfb1 Qc3 23. Rc1 Qb2 24. Rcb1 Qc3 25. Rc1 Qb4 26. Qd1 Qb2 27. Qe2
1/2-1/2

[Event "Deutsche Ländermeisterschaft 2015"]
[Site "Hannover GER"]
[Date "2015.10.03"]
[Round "1"]
[White "Krause, Benedict"]
[Black "Hoffmann, Tim"]
[Result "1-0"]
[Termination "normal"]
[Board "5.2"]
[WhiteTitle "FM"]
[WhiteElo "2289"]
[BlackElo "2119"]
[WhiteTeam "Schleswig-Holstein"]
[BlackTeam "Thüringen"]
[PlyCount "57"]
[WhiteFideId "12917990"]
[BlackFideId "12900338"]
[EventCountry "GER"]
[EventRounds "7"]
[EventType "team-swiss"]
[EventDate "2015.10.02"]

1. e4 c5 2. Nf3 d6 3. d4 cxd4 4. Nxd4 Nf6 5. Nc3 a6 6. Bg5 e6 7. f4 Qc7 8. Qe2
Nbd7 9. O-O-O b5 10. a3 Bb7 11. g4 Be7 12. Bh4 Nc5 13. Bg2 Rd8 14. g5 Nfd7 15.
f5 e5 16. f6 gxf6 17. gxf6 Bxf6 18. Nf5 Bxh4 19. Nxd6+ Ke7 20. Qh5 Rdf8 21.
Qxh4+ f6 22. Bh3 Rfg8 23. Nxb7 Qxb7 24. b4 Ne6 25. Nd5+ Kf7 26. Bxe6+ Kxe6 27.
Qh3+ Kf7 28. Nc7 Nf8 29. Rd7+ 1-0

[Event "Deutsche Ländermeisterschaft 2015"]
[Site "Hannover GER"]
[Date "2015.10.03"]
[Round "1"]
[White "Nguyen, Huy Dat"]
[Black "Kololli, Martin"]
[Result "1/2-1/2"]
[Termination "normal"]
[Board "5.3"]
[WhiteElo "2089"]
[BlackElo "2158"]
[WhiteTeam "Thüringen"]
[BlackTeam "Schleswig-Holstein"]
[PlyCount "86"]
[WhiteFideId "12923486"]
[BlackFideId "12936910"]
[EventCountry "GER"]
[EventRounds "7"]
[EventType "team-swiss"]
[EventDate "2015.10.02"]

1. e4 e5 2. Nf3 Nc6 3. Bb5 a6 4. Ba4 Nf6 5. O-O Be7 6. d3 b5 7. Bb3 d6 8. c3
O-O 9. Re1 Nb8 10. a4 Bb7 11. axb5 axb5 12. Rxa8 Bxa8 13. Na3 Qd7 14. Bc2 c5
15. d4 b4 16. Nc4 cxd4 17. cxd4 Qc7 18. dxe5 Qxc4 19. exf6 Bxf6 20. Bb3 Qc7 21.
Bf4 Be7 22. Nd4 Rd8 23. Qg4 Bf8 24. Bg5 Re8 25. Nf5 g6 26. Nh6+ Bxh6 27. Bxh6
d5 28. Qg5 f5 29. h3 Qe5 30. Ra1 Bc6 31. Bxd5+ Bxd5 32. exd5 Qxd5 33. Qf6 Qd7
34. Ra8 Qc7 35. Be3 Rxe3 36. fxe3 Qc1+ 37. Kh2 Qc7+ 38. Kg1 Qc1+ 39. Kf2 Qd2+
40. Kf1 Qd1+ 41. Kf2 Qd2+ 42. Kf1 Qd1+ 43. Kf2 Qd2+ 1/2-1/2

[Event "Deutsche Ländermeisterschaft 2015"]
[Site "Hannover GER"]
[Date "2015.10.03"]
[Round "1"]
[White "Rieß, Alexander"]
[Black "Weishäutel, Moritz"]
[Result "1-0"]
[Termination "normal"]
[Board "5.4"]
[WhiteElo "2252"]
[BlackElo "1970"]
[WhiteTeam "Schleswig-Holstein"]
[BlackTeam "Thüringen"]
[PlyCount "83"]
[WhiteFideId "12953326"]
[BlackFideId "12967300"]
[EventCountry "GER"]
[EventRounds "7"]
[EventType "team-swiss"]
[EventDate "2015.10.02"]

1. d4 d5 2. c4 c6 3. Nf3 e6 4. Nc3 Nd7 5. cxd5 exd5 6. Bf4 Ngf6 7. e3 Bb4 8.
Bd3 Qa5 9. Qb3 b6 10. O-O Bxc3 11. Qxc3 Qxc3 12. bxc3 a5 13. c4 Ba6 14. Nd2 O-O
15. Rfc1 Rfe8 16. Bf5 g6 17. Bh3 Nf8 18. Bc7 N6d7 19. Rab1 f5 20. g3 Ne6 21.
Bxb6 Bxc4 22. Nxc4 dxc4 23. Bg2 Rec8 24. Bf1 Ng5 25. Bxc4+ Kg7 26. Kg2 Nxb6 27.
Rxb6 Rab8 28. Rcb1 Rxb6 29. Rxb6 Ne4 30. Rb7+ Kh6 31. Be6 Re8 32. Bd7 Re7 33.
Bxc6 Rxb7 34. Bxb7 Nc3 35. a3 Nb5 36. a4 Nc3 37. Bc6 Kg7 38. Kf1 Kf6 39. Ke1
Ke6 40. Kd2 Na2 41. Bg2 g5 42. Kd3 1-0

[Event "Deutsche Ländermeisterschaft 2015"]
[Site "Hannover GER"]
[Date "2015.10.03"]
[Round "1"]
[White "Riedel, Erich"]
[Black "Kopylov, Daniel"]
[Result "0-1"]
[Termination "normal"]
[Board "5.5"]
[WhiteElo "1826"]
[BlackElo "1931"]
[WhiteTeam "Thüringen"]
[BlackTeam "Schleswig-Holstein"]
[PlyCount "116"]
[WhiteFideId "12958646"]
[BlackFideId "12921971"]
[EventCountry "GER"]
[EventRounds "7"]
[EventType "team-swiss"]
[EventDate "2015.10.02"]

1. e4 c5 2. Nf3 Nc6 3. d4 cxd4 4. Nxd4 Nf6 5. Nc3 d6 6. Bg5 e6 7. g3 Be7 8. Be3
O-O 9. h3 h6 10. Bg2 Nxd4 11. Bxd4 e5 12. Be3 Be6 13. O-O Qd7 14. g4 Rfd8 15.
Nd5 Bxd5 16. exd5 Nh7 17. Qd3 Bg5 18. f4 exf4 19. Bxf4 Bxf4 20. Rxf4 Nf6 21.
Raf1 Re8 22. Rf5 Qe7 23. R5f4 Qe3+ 24. Qxe3 Rxe3 25. R1f2 Rae8 26. Kh2 R8e7 27.
Rd4 R7e5 28. Rdd2 h5 29. gxh5 Rxh5 30. Bf3 Rhe5 31. Bg2 Kf8 32. Bf3 g5 33. c4
b6 34. b3 Kg7 35. Kg2 Nd7 36. Bg4 Nc5 37. Rde2 Nd3 38. Rxe3 Rxe3 39. Rf1 Nf4+
40. Kh2 Kg6 41. Bf3 Kf5 42. Kg3 Ke5 43. Kg4 f5+ 44. Kxg5 Nxh3+ 45. Kh4 Nf4 46.
Kg3 Nd3 47. Kh2 f4 48. Kg1 Nb4 49. Rf2 Nd3 50. Rf1 Kd4 51. Bd1 Rg3+ 52. Kh2 Ke3
53. Bc2 Ne5 54. Bf5 Nf3+ 55. Kh1 Rg5 56. Bh3 Nd2 57. Re1+ Kf2 58. Rc1 Rh5 0-1

[Event "Deutsche Ländermeisterschaft 2015"]
[Site "Hannover GER"]
[Date "2015.10.03"]
[Round "1"]
[White "Köhler, Inken"]
[Black "Nguyen, Ha Thanh"]
[Result "1-0"]
[Termination "normal"]
[Board "5.6"]
[WhiteElo "1728"]
[BlackElo "1719"]
[WhiteTeam "Schleswig-Holstein"]
[BlackTeam "Thüringen"]
[PlyCount "86"]
[WhiteFideId "12929301"]
[BlackFideId "12942154"]
[EventCountry "GER"]
[EventRounds "7"]
[EventType "team-swiss"]
[EventDate "2015.10.02"]

1. e4 c5 2. d4 cxd4 3. c3 Nf6 4. e5 Nd5 5. Qxd4 Nb6 6. Nf3 Nc6 7. Qe4 h6 8. Bb5
e6 9. O-O Qc7 10. Be3 Na5 11. Nbd2 a6 12. Bd3 Nd5 13. Bd4 Nc6 14. Rac1 Nce7 15.
c4 Nb4 16. Bb1 Ng6 17. Qe3 Be7 18. Bb6 Qb8 19. Bc5 Nc6 20. Bxg6 fxg6 21. Bxe7
Nxe7 22. Ne4 O-O 23. Qc5 Nc6 24. Rfd1 b6 25. Qd6 Qxd6 26. Nxd6 Rd8 27. Rd2 Kf8
28. Rcd1 Ke7 29. Re2 g5 30. h4 g4 31. Nd4 Nxe5 32. Nxc8+ Raxc8 33. Rxe5 Rxc4
34. Re4 Rc5 35. Rxg4 Kf7 36. Rf4+ Ke8 37. Re1 Rd5 38. Nf5 g5 39. hxg5 hxg5 40.
Rf3 Rd2 41. Rb3 b5 42. Ng3 Rc8 43. Ne4 Rd5 1-0

[Event "Deutsche Ländermeisterschaft 2015"]
[Site "Hannover GER"]
[Date "2015.10.03"]
[Round "1"]
[White "Ratay, Meike"]
[Black "Caliebe, Nanke"]
[Result "1-0"]
[Termination "normal"]
[Board "5.7"]
[WhiteElo "1611"]
[BlackElo "1527"]
[WhiteTeam "Thüringen"]
[BlackTeam "Schleswig-Holstein"]
[PlyCount "81"]
[WhiteFideId "12977608"]
[BlackFideId "12980528"]
[EventCountry "GER"]
[EventRounds "7"]
[EventType "team-swiss"]
[EventDate "2015.10.02"]

1. e4 c5 2. Nf3 e6 3. d4 cxd4 4. Nxd4 Nc6 5. c4 Nf6 6. Nc3 a6 7. Be3 Bb4 8. f3
Bxc3+ 9. bxc3 O-O 10. Be2 Qc7 11. O-O d6 12. Rb1 Ne5 13. Qb3 Rb8 14. Rfd1 b6
15. Nc2 Ned7 16. Qb4 Nc5 17. e5 a5 18. exd6 Qa7 19. Qa3 Bd7 20. Nd4 Rfd8 21.
Nb5 Bxb5 22. Rxb5 Rbc8 23. Bg5 Rc6 24. Qc1 Ncd7 25. Qe3 Qb8 26. Qd4 h6 27. Bxf6
Nxf6 28. c5 Nd7 29. cxb6 Rxb6 30. Rxa5 Rb2 31. Bc4 Nf6 32. Bb3 Ne8 33. Ra6 Qc8
34. Rb6 Nf6 35. Bxe6 Qxe6 36. Rxb2 Ne8 37. Qe4 Rxd6 38. Rxd6 Nxd6 39. Rb8+ Ne8
40. Rxe8+ Qxe8 41. Qxe8+ 1-0

[Event "Deutsche Ländermeisterschaft 2015"]
[Site "Hannover GER"]
[Date "2015.10.03"]
[Round "1"]
[White "Glinzner, Alva"]
[Black "Reuter, Elisa"]
[Result "1-0"]
[Termination "normal"]
[Board "5.8"]
[WhiteElo "1440"]
[BlackElo "1722"]
[WhiteTeam "Schleswig-Holstein"]
[BlackTeam "Thüringen"]
[PlyCount "151"]
[WhiteFideId "16206169"]
[BlackFideId "12995444"]
[EventCountry "GER"]
[EventRounds "7"]
[EventType "team-swiss"]
[EventDate "2015.10.02"]

1. e4 c5 2. Nf3 Nc6 3. Bc4 g6 4. Nc3 Bg7 5. O-O e6 6. d3 Nge7 7. Be3 d6 8. d4
cxd4 9. Nxd4 O-O 10. Ndb5 Na5 11. Be2 d5 12. exd5 exd5 13. Bc5 Be6 14. Bf3 a6
15. Nd4 Nac6 16. Nxe6 fxe6 17. Re1 Rf6 18. Bxe7 Nxe7 19. Qd3 Rb8 20. Rad1 b5
21. Ne4 Rf8 22. Nc5 Qd6 23. Nxe6 Rf5 24. Nd4 Rf6 25. Nb3 Rd8 26. Rd2 Qc7 27.
Qe3 Nf5 28. Bxd5+ Kh8 29. Qe4 Nd6 30. Qd3 Nc4 31. Rde2 Nxb2 32. Re8+ Rf8 33.
Rxf8+ Bxf8 34. Qe4 Qd6 35. Be6 Re8 36. g3 Nc4 37. Nd4 Bg7 38. Nf3 Bc3 39. Re2
a5 40. Ng5 Qe7 41. Bxc4 Qxe4 42. Rxe4 Rb8 43. Bd5 Rc8 44. Re7 Rc5 45. Re8+ Kg7
46. Ne6+ Kf7 47. Nc7+ Kf6 48. Re6+ Kg5 49. Rc6 Rxc6 50. Bxc6 b4 51. Nd5 Bd4 52.
Kf1 Kg4 53. Ne3+ Kg5 54. Nc4 Kf6 55. Nxa5 Ke6 56. Ke2 Kd6 57. f4 Bb6 58. Nc4+
Kxc6 59. Nxb6 Kxb6 60. Kd3 Kc5 61. c3 bxc3 62. Kxc3 Kb5 63. Kd4 Ka4 64. Ke5 Ka3
65. Kf6 Kxa2 66. Kg7 Kb2 67. Kxh7 Kc2 68. Kxg6 Kd2 69. f5 Ke2 70. f6 Kf2 71. f7
Kg2 72. f8=Q Kh3 73. Kh5 Kg2 74. Kg4 Kxh2 75. Qf2+ Kh1 76. Qe2 1-0

[Event "Deutsche Ländermeisterschaft 2015"]
[Site "Hannover GER"]
[Date "2015.10.03"]
[Round "1"]
[White "Baskin, Robert"]
[Black "Maj, Kornel"]
[Result "1/2-1/2"]
[Termination "normal"]
[Board "6.1"]
[WhiteTitle "FM"]
[WhiteElo "2329"]
[BlackElo "2039"]
[WhiteTeam "Hessen"]
[BlackTeam "Württemberg"]
[PlyCount "123"]
[WhiteFideId "24662402"]
[BlackFideId "1160613"]
[EventCountry "GER"]
[EventRounds "7"]
[EventType "team-swiss"]
[EventDate "2015.10.02"]

1. e4 c5 2. Nf3 d6 3. d4 cxd4 4. Nxd4 Nf6 5. Nc3 Nc6 6. Bg5 e6 7. Qd2 a6 8.
O-O-O h6 9. Nxc6 bxc6 10. Bf4 d5 11. Qe3 Bb4 12. Be2 O-O 13. e5 Nd7 14. Qg3 Kh8
15. h4 f6 16. Bd3 Bxc3 17. Qg6 f5 18. bxc3 Qe8 19. Qg3 Nc5 20. Qe3 Qe7 21. Bg5
Nxd3+ 22. Rxd3 Qa3+ 23. Kd2 Kh7 24. Bf4 a5 25. Qb6 Ba6 26. Rg3 Qa4 27. Qd4 Qxa2
28. h5 Qc4 29. Qxc4 Bxc4 30. Ra1 a4 31. Ra3 c5 32. Rg6 Ra6 33. Be3 Rc8 34. Rg3
Rcc6 35. Rh3 Kg8 36. Rh1 Bb5 37. Rb1 Ra5 38. f4 Rc7 39. Bf2 Kf7 40. Bh4 Rb7 41.
c4 dxc4 42. Kc3 Bc6 43. Rg1 Bd5 44. Bf2 g6 45. hxg6+ Kxg6 46. Rga1 Rba7 47. Rb1
Ra8 48. Kd2 Kh7 49. Bh4 Rg8 50. g3 Kg6 51. Bf6 Kf7 52. Rb6 c3+ 53. Kxc3 Rxg3+
54. Kb2 Rg4 55. Rd6 Rb5+ 56. Kc1 Rg1+ 57. Kd2 Rg2+ 58. Kc1 Be4 59. Rd7+ Kf8 60.
Rd8+ Kf7 61. Rd7+ Ke8 62. Rd8+ 1/2-1/2

[Event "Deutsche Ländermeisterschaft 2015"]
[Site "Hannover GER"]
[Date "2015.10.03"]
[Round "1"]
[White "Schmidt, Tobias"]
[Black "Keller, Peter"]
[Result "0-1"]
[Termination "normal"]
[Board "6.2"]
[BlackTitle "FM"]
[WhiteElo "2121"]
[BlackElo "2311"]
[WhiteTeam "Württemberg"]
[BlackTeam "Hessen"]
[PlyCount "64"]
[WhiteFideId "1271683"]
[BlackFideId "1272105"]
[EventCountry "GER"]
[EventRounds "7"]
[EventType "team-swiss"]
[EventDate "2015.10.02"]

1. e4 e5 2. Nf3 Nc6 3. Bc4 Bc5 4. c3 Nf6 5. d4 exd4 6. cxd4 Bb4+ 7. Bd2 Nxe4 8.
Bxb4 Nxb4 9. Bxf7+ Kxf7 10. Qb3+ d5 11. Ne5+ Ke6 12. Qxb4 Qf8 13. Qxf8 Rxf8 14.
Nc3 Nxc3 15. bxc3 c5 16. O-O Kd6 17. Rfe1 cxd4 18. cxd4 Bf5 19. Re3 Rac8 20.
Ra3 a6 21. Rb3 b5 22. a4 Bc2 23. Rg3 b4 24. Rxg7 Rc7 25. Rxc7 Kxc7 26. Rc1 b3
27. Nd3 Kb6 28. Nb2 Ka5 29. Kf1 Kb4 30. Ke2 Ka3 31. Nd1 Bxd1+ 32. Rxd1 b2 0-1

[Event "Deutsche Ländermeisterschaft 2015"]
[Site "Hannover GER"]
[Date "2015.10.03"]
[Round "1"]
[White "Spitzl, Vinzent"]
[Black "Peng, Xiang-Tobias"]
[Result "0-1"]
[Termination "normal"]
[Board "6.3"]
[WhiteElo "2130"]
[BlackElo "2031"]
[WhiteTeam "Hessen"]
[BlackTeam "Württemberg"]
[PlyCount "66"]
[WhiteFideId "12901253"]
[BlackFideId "12964328"]
[EventCountry "GER"]
[EventRounds "7"]
[EventType "team-swiss"]
[EventDate "2015.10.02"]

1. e4 e6 2. d4 d5 3. e5 c5 4. c3 Nc6 5. Nf3 Qb6 6. a3 Nh6 7. b4 cxd4 8. cxd4
Nf5 9. Bb2 Bd7 10. g4 Nfe7 11. Nc3 Na5 12. Na4 Qc6 13. b5 Qc7 14. Nc5 Nc4 15.
Bxc4 dxc4 16. Qa4 Nd5 17. Nxd7 Kxd7 18. Rc1 Nb6 19. Qa5 Be7 20. O-O h5 21. h3
hxg4 22. hxg4 Rac8 23. Rc2 Nd5 24. Qa4 Rh3 25. b6+ Qc6 26. Qxc6+ bxc6 27. b7
Rch8 28. Ne1 Nf4 29. f3 Kc7 30. Kf2 Rh2+ 31. Kg3 Ne2+ 32. Rxe2 Rxe2 33. Bc3
Bh4+ 0-1